Normal view
MARC view
- Goodspeed , Bennett W
Entry Personal Name
001 - CONTROL NUMBER
- control field: 134308
003 - CONTROL NUMBER IDENTIFIER
- control field: NUST
005 - DATE AND TIME OF LATEST TRANSACTION
- control field: 20260430180209.0
008 - FIXED-LENGTH DATA ELEMENTS
- fixed length control field: 260430|| aca||aabn | a|a d
040 ## - CATALOGING SOURCE
- Original cataloging agency: NUST
- Transcribing agency: NUST
100 ## - HEADING--PERSONAL NAME
- Personal name: Goodspeed , Bennett W
670 ## - SOURCE DATA FOUND
- Source citation: Work cat.: (NUST): Goodspeed , Bennett W., The Tao Jones Averages: A Guide to Whole-Brained Investing /, 1983.
